000 00594nam a22002057a 4500
003 OSt
005 20260612114031.0
008 260612b |||||||| |||| 00| 0 eng d
020 _a0-7619-7763-5
040 _cChuka University Library
050 _aLB 1060 .R4 2001
100 _aYork-Barr Jennifer
_928852
245 _aReflective Practice to Improve Schools
260 _aUSA
_bCorwin Press
_c2001
300 _axxi, 170P
_bIllustrations, Preface and Index
700 _aSommers A. William
_928853
700 _aGhere S. Gail
_928854
700 _aMontie Jo
_928855
942 _2lcc
_cBK
_n0
999 _c24115
_d24115